01417cam a22003497a 4500003000500000005001700005008004100022010001000063011001000073035001000083040000900093090001000102100003300112245020900145260004000354300001900394502010100413590003700514590004100551590004100592590004100633590004200674650003400716650004000750650002800790650005300818901000700871942001000878949003500888999001700923952012700940CHAP20220817041431.0971013s1979 r 00010 d a14351 a15323 a19398 cCHAP aTesis00aCastro, Ana Eloísa.920452 0aEvaluación de la resistencia de seis líneas y dos variedades de tomate (Licopersicum esculentum, Mill), al nemátodo de las agallas (Meloidogyne incognita, Chitwoodi), bajo condiciones de invernadero a(Monterrey, N.L. :bEl autor,c1979 a82 h.b: ilus. aTesis (Ing. Agr. Esp. en Parasitología) -- ITESm. Div. de Ciencias Agropecuarias y Marítimas aALEPHb10c20130110lUCH01h1235 aBATCH-UPDb10c20130110lUCH01h1614 aBATCH-UPDb10c20130410lUCH01h1009 aBATCH-UPDb10c20130914lUCH01h1810 aCONVERSIONb10c20130109lUCH01h130914aMeloidogyne incognita.97443214aNemátodos parásitos de plantas.14aTomatexPlagas.911374814aTomatexVariedades resistentes a plagas.9113779 aBK cTESIS bBCcTESd-45095eTS1i19398si c14351d14351 00102local4051718TESISaBCbBCcPA_TESISd2012-12-17fTESISl0oTesisp-45095r2019-12-31 00:00:00w2019-12-31yTESIS